| 000 | 00432nam a22001577a 4500 | ||
|---|---|---|---|
| 999 |
_c7902 _d7902 |
||
| 003 | GBCCL | ||
| 005 | 20241126110639.0 | ||
| 008 | 181112b ||||| |||| 00| 0 eng d | ||
| 040 | _cgbc | ||
| 082 |
_a220.5203 _bBIB |
||
| 245 | _aThe Holy Bible containing the Old and New Testaments | ||
| 250 |
_aRed letter edition _bKJV |
||
| 260 |
_aTennessee : _bGood new publishers, _c1971. |
||
| 650 |
_aBible _vEnglish _912281 |
||
| 942 |
_2ddc _cREF |
||